Projektovanie ekonomických aplikácií ASR

Guardado en:
Detalles Bibliográficos
Autor principal: Zajko, Marián
Autor Corporativo: Vysoká škola ekonomická v Bratislave. Fakulta riadenia
Formato: Libro
Lenguaje:eslovaco
Publicado: Bratislava VŠE 1984
Etiquetas: Agregar Etiqueta
Sin Etiquetas, Sea el primero en etiquetar este registro!

MARC

LEADER 00000nam a2200000 4500
001 c111780
005 20221220085524.0
041 0 |a slo 
044 |a SK 
245 1 0 |a Projektovanie ekonomických aplikácií ASR  |c Marián Zajko 
264 1 |a Bratislava  |b VŠE  |c 1984 
300 |a 205 s. 
100 1 |a Zajko, Marián 
710 2 |a Vysoká škola ekonomická v Bratislave. Fakulta riadenia